[Event "POLFINALY MISTRZOSTW POLSKI JUNIOROW 2021 C-15"]
[Site "Jatrzebia Gora"]
[Date "1899-12-30"]
[Round "4.18"]
[White "Pieczulis, Hubert"]
[Black "Borowik, Karol"]
[Result "1-0"]
[WhiteTitle "I"]
[BlackTitle "II"]
[WhiteElo "1379"]
[BlackElo "1455"]

1. e4 c5 2. Nf3 Nc6 3. d4 cxd4 4. Nxd4 Nf6 5. Nc3 g6 6. Nxc6 bxc6 7. e5 Ng8 8.
Bc4 Bg7 9. Qf3 f6 10. O-O Qa5 11. e6 d5 12. Nxd5 cxd5 13. Bxd5 Rb8 14. Bf4 Rxb2
15. Bb3 Qb6 16. Qc3 Rxb3 17. Qxc8+ Qd8 18. Qxd8+ Kxd8 19. axb3 g5 20. Be3 f5 21.
Rxa7 f4 22. Rd1+ Kc8 23. Bb6 1-0

[Event "POLFINALY MISTRZOSTW POLSKI JUNIOROW 2021 C-15"]
[Site "Jatrzebia Gora"]
[Date "1899-12-30"]
[Round "4.19"]
[White "Chmura, Eryk"]
[Black "Szymczyk, Antoni"]
[Result "0-1"]
[WhiteTitle "II"]
[BlackTitle "II"]
[WhiteElo "1343"]
[BlackElo "1424"]

1. e4 d6 2. d4 Nf6 3. Nc3 g6 4. Be2 Bg7 5. h4 h5 6. Nh3 c6 7. Ng5 b5 8. a3 a5 9.
d5 O-O 10. dxc6 Nxc6 11. Bxb5 Bd7 12. O-O Rb8 13. Bc4 Ng4 14. Ba2 Bc8 15. Qd5
Nce5 16. Rb1 Qb6 17. Na4 Qa7 18. Bd2 Ba6 19. Qxa5 Rb5 20. Qc3 Nh2 21. Be3 Qd7
22. Bd4 Nxf1 23. Rxf1 e6 24. Qh3 Ng4 25. Bxg7 Kxg7 26. c4 Rxg5 27. hxg5 Qxa4 28.
Qc3+ Kg8 29. b4 Rc8 30. Bb3 Qc6 31. Rc1 Qxe4 32. f3 Qe3+ 33. Qxe3 Nxe3 34. b5
Bxb5 35. Kf2 Nxc4 36. a4 Ba6 37. Bxc4 Rxc4 38. Rb1 Rxa4 39. Rb6 d5 40. Ke3 Bc4
41. Kd4 Bf1+ 42. Ke5 Kg7 43. Rb2 Rh4 44. Rf2 Rh1 0-1

[Event "POLFINALY MISTRZOSTW POLSKI JUNIOROW 2021 C-15"]
[Site "Jatrzebia Gora"]
[Date "1899-12-30"]
[Round "4.21"]
[White "Latacz, Grzegorz"]
[Black "Rzepka, Marcin"]
[Result "1/2-1/2"]
[WhiteTitle "II"]
[BlackTitle "II"]
[WhiteElo "1446"]
[BlackElo "1336"]

1. e4 c5 2. Nf3 e6 3. d4 cxd4 4. Nxd4 Nc6 5. Nc3 Qc7 6. Be3 a6 7. Be2 Nf6 8. O-O
Be7 9. Kh1 b5 10. Bf3 Bb7 11. Rc1 O-O 12. Nce2 Nxd4 13. Qxd4 Qc4 14. Qxc4 bxc4
15. Nc3 d5 16. exd5 Nxd5 17. Nxd5 Bxd5 18. Bxd5 exd5 19. Rfd1 Rad8 20. Rd2 Rd7
21. Rcd1 Rfd8 22. c3 h6 23. g3 Kf8 24. a4 Rb8 25. Rxd5 Rxd5 26. Rxd5 Rxb2 27.
Ra5 Bf6 28. Rxa6 Bxc3 29. Rc6 Bd2 30. Rxc4 Bxe3 31. fxe3 Ra2 32. Rb4 Ke7 1/2-1/2

[Event "POLFINALY MISTRZOSTW POLSKI JUNIOROW 2021 C-15"]
[Site "Jatrzebia Gora"]
[Date "1899-12-30"]
[Round "4.22"]
[White "Fojcik, Kacper"]
[Black "Marek, Grzegorz"]
[Result "1-0"]
[WhiteTitle "II"]
[BlackTitle "II"]
[WhiteElo "1345"]
[BlackElo "1350"]

1. d4 Nf6 2. Nf3 b6 3. Bf4 Bb7 4. e3 e6 5. c4 Bb4+ 6. Nbd2 O-O 7. a3 Be7 8. Bd3
Nh5 9. Bg3 g6 10. Qc2 d6 11. O-O Nxg3 12. hxg3 Nd7 13. b4 c5 14. Nb3 Rc8 15. dxc5
dxc5 16. b5 Qc7 17. Be4 Rcd8 18. Bxb7 Qxb7 19. Rad1 Qc7 20. Rd2 Ne5 21. Rfd1 Nxf3+
22. gxf3 Rd6 23. Rxd6 Bxd6 24. f4 Rd8 25. Nd2 Be7 26. Nf3 Rxd1+ 27. Qxd1 Qd6 28.
Qa4 f6 29. Qxa7 Bd8 30. Qa8 Kg7 31. Qb7+ Bc7 32. Kg2 h6 33. Qe4 g5 34. Nh2 Qd7
35. Nf3 Qd6 36. Qc2 Qd7 37. a4 Qd8 38. Qd2 Qe7 39. Qd3 Qe8 40. Nh2 Qe7 41. Nf1
Qd6 42. Qxd6 Bxd6 43. Nd2 Bc7 44. Nb3 Kg6 45. a5 bxa5 46. Nxc5 gxf4 47. Nxe6 fxe3
48. fxe3 Bb8 49. c5 Kf5 50. Nd4+ Ke4 51. b6 Kd5 52. c6 Kd6 53. c7 Bxc7 54. Nb5+
Kd7 55. bxc7 a4 56. Kf3 a3 57. Nxa3 Kxc7 58. Kf4 1-0

[Event "POLFINALY MISTRZOSTW POLSKI JUNIOROW 2021 C-15"]
[Site "Jatrzebia Gora"]
[Date "1899-12-30"]
[Round "5.1"]
[White "Kusiak, Mateusz"]
[Black "Wydmanski, Szymon"]
[Result "1/2-1/2"]
[WhiteTitle "I+"]
[BlackTitle "I"]
[WhiteElo "1755"]
[BlackElo "1735"]

1. e4 c5 2. Nf3 d6 3. d4 cxd4 4. Qxd4 Nc6 5. Bb5 Bd7 6. Bxc6 Bxc6 7. Nc3 h6 8.
Be3 e5 9. Qd3 Nf6 10. h3 Qd7 11. a4 Rd8 12. O-O g5 13. Nd2 Nh5 14. Nd5 Bg7 15.
Nc4 O-O 16. Rfd1 g4 17. hxg4 Qxg4 18. Ne7+ Kh8 19. Nxc6 bxc6 20. Nxd6 Kh7 21.
c4 Rg8 22. Qf1 Nf4 23. Bxf4 exf4 24. f3 Qh5 25. Qf2 Rb8 26. Rd2 Rxb2 27. Rxb2
Bxb2 28. Qxb2 Qc5+ 29. Qf2 Qxd6 30. Qxa7 Qd2 31. Qf2 Qc3 32. Rd1 Qxc4 33. Ra1
Ra8 34. Qa2 Qd4+ 35. Kf1 Kg7 36. Qa3 Rb8 37. Rc1 Rb2 38. Qc3 Qxc3 39. Rxc3 Ra2
40. Rxc6 Rxa4 41. Rc5 Ra6 42. Kg1 Rg6 43. Rf5 Rf6 44. Rh5 Kg6 45. Rd5 Rc6 46.
Kh2 Rb6 47. Kh3 Rb1 48. Kg4 Rb2 49. Rd6+ Kg7 50. Kh3 Rc2 51. Rd5 Rc1 52. Rh5 Rc2
53. Rh4 Kg6 54. Rxf4 Ra2 55. Rf5 Rb2 56. Ra5 Rc2 57. g3 Rc6 58. f4 f6 59. Kg4
Rc7 60. e5 fxe5 61. Rxe5 Rc4 62. Ra5 Rc6 63. Ra4 Rb6 64. Ra3 Rc6 65. Rf3 Rc4 66.
Kh4 Rc6 67. g4 Rc1 68. Re3 Rh1+ 69. Kg3 Rg1+ 70. Kh3 Rf1 71. Re6+ Kf7 72. Re4
Kg6 73. Kg2 Ra1 74. Re6+ Kg7 75. f5 Ra3 76. Kf2 Rb3 77. Re3 Rb5 78. Rf3 Kf6 79.
Rf4 h5 80. Kg3 hxg4 81. Kxg4 Ra5 82. Rb4 Ra6 83. Kf4 Rc6 84. Ke4 Ra6 85. Rc4 Rb6
86. Ra4 Rc6 87. Ra8 Rb6 88. Rf8+ Ke7 89. Rh8 Kf7 90. Rh7+ Kf8 91. Rc7 Ra6 92.
Kf4 Rb6 93. Kg5 Ra6 94. Rc4 Rb6 95. Rf4 Kf7 96. Ra4 Kg7 97. Ra5 Kf7 98. f6 Rb1
99. Ra7+ Kf8 100. f7 Rg1+ 101. Kf6 1/2-1/2

[Event "POLFINALY MISTRZOSTW POLSKI JUNIOROW 2021 C-15"]
[Site "Jatrzebia Gora"]
[Date "1899-12-30"]
[Round "5.2"]
[White "Wilk, Igor"]
[Black "Kubik, Rafal"]
[Result "1-0"]
[WhiteTitle "I+"]
[BlackTitle "I+"]
[WhiteElo "1712"]
[BlackElo "1718"]

1. e4 e6 2. d4 d5 3. Nc3 Nf6 4. e5 Nfd7 5. f4 c5 6. Nf3 Nc6 7. Be3 Be7 8. Qd2 O-O
9. Be2 f6 10. exf6 Bxf6 11. O-O Qe7 12. f5 cxd4 13. Nxd4 Nxd4 14. Bxd4 Bxd4+ 15.
Qxd4 Qc5 16. Qxc5 Nxc5 17. fxe6 Bxe6 18. Rad1 Rad8 19. Rd4 Rxf1+ 20. Kxf1 Na6
21. Nb5 Rc8 22. c3 Nc7 23. Nxa7 Ra8 24. Nb5 Nxb5 25. Bxb5 Rxa2 26. Rb4 Ra8 27.
Be2 Rf8+ 28. Bf3 Rf7 29. Ke2 Re7 30. Kd3 Bf5+ 31. Kd4 Be4 32. Bxe4 dxe4 33. Ke3
Kf7 34. Rxe4 Rd7 35. Rd4 Rc7 36. c4 Ke6 37. b4 b6 38. h3 g6 39. Kd3 h5 40. Rd5
Rc6 41. Kd4 Ke7 42. Kc3 Ke6 43. Kb3 Ke7 44. Rd4 Rf6 45. Ka4 Rf5 46. Rd5 Rf2 47.
Kb5 Rxg2 48. Kxb6 Rg3 49. c5 1-0

[Event "POLFINALY MISTRZOSTW POLSKI JUNIOROW 2021 C-15"]
[Site "Jatrzebia Gora"]
[Date "1899-12-30"]
[Round "5.3"]
[White "Racis, Michal"]
[Black "Wieckowski, Michal"]
[Result "0-1"]
[WhiteTitle "I"]
[BlackTitle "I"]
[WhiteElo "1820"]
[BlackElo "1698"]

1. d4 Nf6 2. Nf3 g6 3. c4 c5 4. Nc3 Bg7 5. g3 O-O 6. Bg2 Na6 7. O-O d6 8. Re1 Qb6
9. d5 Nc7 10. e4 Ng4 11. h3 Ne5 12. Nxe5 Bxe5 13. f4 Bg7 14. e5 Rd8 15. Qe2 Bd7
16. Kh2 a6 17. Qf2 Qb4 18. e6 fxe6 19. dxe6 Bc6 20. Nd5 Bxd5 21. Bxd5 Nxd5 22.
cxd5 b5 23. Rb1 Rf8 24. b3 Rf5 25. Rd1 Qe4 26. Bb2 Rxd5 27. Re1 Qb4 28. Bxg7 Kxg7
29. Re2 Rf8 30. Qg2 Qd4 31. Rbb2 Qd1 32. a4 b4 33. Qe4 Qd3 34. Qg2 Qd1 35. Qe4
Kg8 36. Qg2 a5 37. Qe4 Kh8 38. Qg2 Kg7 39. Qe4 Kg8 40. Qg2 Rc8 41. Red2 Rxd2 42.
Rxd2 Qxb3 43. f5 gxf5 44. Qe2 Qc3 45. Rd3 Qf6 46. Rf3 Rf8 47. Rf4 Kh8 48. Rh4
b3 49. Qh5 Qg7 50. Qd1 Qc3 51. Qh5 Qg7 52. Qd1 Rb8 53. Qb1 Qe5 54. Kg2 Qe2+ 55.
Kh1 b2 56. g4 Qf3+ 57. Kh2 Qf2+ 0-1

[Event "POLFINALY MISTRZOSTW POLSKI JUNIOROW 2021 C-15"]
[Site "Jatrzebia Gora"]
[Date "1899-12-30"]
[Round "5.4"]
[White "Trzebinski, Patryk"]
[Black "Malinowski, Szymon"]
[Result "0-1"]
[WhiteTitle "I+"]
[BlackTitle "I"]
[WhiteElo "1767"]
[BlackElo "1601"]

1. e4 c6 2. d4 d5 3. exd5 cxd5 4. c4 Nf6 5. Nc3 Nc6 6. Bg5 Bg4 7. f3 Be6 8. c5
Bf5 9. Bd3 Bg6 10. Nge2 e6 11. O-O Be7 12. a3 O-O 13. b4 a6 14. Rb1 b6 15. Bxg6
hxg6 16. h3 Rc8 17. Qd3 bxc5 18. bxc5 Qa5 19. Rb6 Nxd4 20. Nxd4 Bxc5 21. Rb3 e5
22. Nce2 exd4 23. Nxd4 Qa4 24. Be3 Rfe8 25. Bf2 Nh5 26. Kh2 Nf4 27. Qd2 Bd6 28.
g3 Ne6 29. Rc3 Rxc3 30. Qxc3 Nxd4 31. Bxd4 Re2+ 32. Rf2 Rxf2+ 33. Bxf2 Qxa3 34.
Qc6 Qxf3 35. Qxd6 Qxf2+ 36. Kh1 Qf1+ 37. Kh2 Qe2+ 38. Kg1 Qc4 39. Qd8+ Kh7 40.
Qe7 f6 41. h4 a5 42. Qf7 Qd4+ 43. Kg2 Qe4+ 44. Kf2 d4 45. h5 Qf5+ 46. Kg2 Qxh5
47. Qc4 Qe5 0-1

[Event "POLFINALY MISTRZOSTW POLSKI JUNIOROW 2021 C-15"]
[Site "Jatrzebia Gora"]
[Date "1899-12-30"]
[Round "5.5"]
[White "Wesolek, Krzysztof"]
[Black "Kotowicz, Kamil"]
[Result "1/2-1/2"]
[WhiteTitle "I"]
[BlackTitle "I"]
[WhiteElo "1570"]
[BlackElo "1765"]

1. e4 c6 2. d4 d5 3. Nc3 dxe4 4. Nxe4 Nf6 5. Nxf6+ exf6 6. Nf3 Bd6 7. Bd3 O-O 8.
O-O Bg4 9. h3 Bh5 10. Re1 Qc7 11. Be3 Nd7 12. g4 Bg6 13. Nh4 c5 14. Nxg6 fxg6
15. dxc5 Nxc5 16. Bxc5 Bxc5 17. Qf3 f5 18. gxf5 gxf5 19. Re6 Rae8 20. Rae1 Rxe6
21. Rxe6 g6 22. Kg2 Be7 23. Qd5 Kg7 24. Qe5+ Qxe5 25. Rxe5 Kf6 26. Rb5 b6 27.
a4 Rd8 28. a5 Bc5 29. axb6 axb6 30. b4 Bd4 31. c3 Bxc3 32. Rxb6+ Kg5 33. Be2 Rd2
34. Kf3 Rb2 35. b5 Bd4 36. Rc6 1/2-1/2

[Event "POLFINALY MISTRZOSTW POLSKI JUNIOROW 2021 C-15"]
[Site "Jatrzebia Gora"]
[Date "1899-12-30"]
[Round "5.6"]
[White "Jendrowiak, Maciej"]
[Black "Pisarek, Jan"]
[Result "0-1"]
[WhiteTitle "II+"]
[BlackTitle "I"]
[WhiteElo "1493"]
[BlackElo "1583"]

1. e4 b6 2. d4 Bb7 3. Nc3 e6 4. Bf4 Bb4 5. Bd3 f5 6. Qe2 Nf6 7. f3 O-O 8. e5 Nd5
9. Bd2 Qh4+ 10. Qf2 Qxf2+ 11. Kxf2 Nxc3 12. bxc3 Ba3 13. Ne2 Nc6 14. Rab1 a5 15.
Rbg1 Ne7 16. h4 Nd5 17. Rh3 d6 18. f4 dxe5 19. fxe5 Bc6 20. Nf4 Nxf4 21. Bxf4
Rad8 22. Bg5 Rd7 23. Ke2 b5 24. g4 f4 25. h5 Bb2 26. h6 g6 27. Rd1 Bxc3 28. d5
Rxd5 29. Bxg6 f3+ 30. Rxf3 Rxf3 31. Be4 Rxd1 0-1

[Event "POLFINALY MISTRZOSTW POLSKI JUNIOROW 2021 C-15"]
[Site "Jatrzebia Gora"]
[Date "1899-12-30"]
[Round "5.7"]
[White "Rumniak, Aleksy"]
[Black "Demski, Michal"]
[Result "0-1"]
[WhiteTitle "II"]
[BlackTitle "I+"]
[WhiteElo "1204"]
[BlackElo "1756"]

1. e4 e5 2. Nf3 d6 3. Bc4 Nf6 4. d3 Be7 5. O-O O-O 6. c3 c6 7. Bb3 h6 8. Nbd2 Nbd7
9. d4 Qc7 10. Re1 Rd8 11. Bc2 Nf8 12. Nc4 Ng6 13. Ne3 Bf8 14. Nf5 d5 15. exd5
Rxd5 16. Ne3 e4 17. Nxd5 cxd5 18. Ne5 Nxe5 19. dxe5 Qxe5 20. Qd4 Qc7 21. b4 Bd6
22. Bd2 Bxh2+ 23. Kh1 Bd6 24. g3 Qd7 25. Kg1 Qh3 26. Bd1 Ng4 27. Bxg4 Bxg4 28.
Bxh6 Qxh6 29. Re3 Bf3 30. Rxf3 exf3 31. Qxd5 Rb8 32. Qxf3 Qf6 33. Qd3 Rd8 34.
Qe3 Qe5 35. Qxa7 Qxc3 36. Rd1 Qc7 37. b5 b6 38. Qa4 Bc5 39. Rxd8+ Qxd8 40. Qf4
Qd1+ 41. Kh2 Qh5+ 42. Kg1 Qg6 43. a4 Qf6 44. Qd2 Qd4 45. Qc2 Qe5 46. Kg2 g6 47.
Qc4 Kg7 48. Qc2 f5 49. Kh2 Kf6 50. Qc4 Qd4 0-1

[Event "POLFINALY MISTRZOSTW POLSKI JUNIOROW 2021 C-15"]
[Site "Jatrzebia Gora"]
[Date "1899-12-30"]
[Round "5.8"]
[White "Cieply, Krzysztof"]
[Black "Goral, Jan"]
[Result "0-1"]
[WhiteTitle "I"]
[BlackTitle "I"]
[WhiteElo "1487"]
[BlackElo "1672"]

1. e4 c5 2. Nf3 g6 3. d4 cxd4 4. Nxd4 Nc6 5. Nc3 Bg7 6. Be3 Nf6 7. Bc4 O-O 8. Bb3
d6 9. f3 Bd7 10. Qd2 Qa5 11. O-O-O Rfc8 12. g4 Ne5 13. Kb1 b5 14. Bh6 b4 15. Nd5
Nxd5 16. Bxd5 Nc4 17. Bxc4 Rxc4 18. Bxg7 Kxg7 19. Nf5+ Bxf5 20. gxf5 Rac8 21.
Rc1 R8c6 22. Qd3 R4c5 23. h4 Ra6 24. Qb3 Qa4 25. fxg6 fxg6 26. Qe6 Re5 27. Qc4
Rea5 28. c3 Qxa2+ 29. Qxa2 Rxa2 30. cxb4 Ra1+ 31. Kc2 Rc6+ 32. Kd2 Rcxc1 33. Rxc1
Rxc1 34. Kxc1 Kh6 0-1

[Event "POLFINALY MISTRZOSTW POLSKI JUNIOROW 2021 C-15"]
[Site "Jatrzebia Gora"]
[Date "1899-12-30"]
[Round "5.9"]
[White "Szymczyk, Antoni"]
[Black "Rzenca, Jerzy"]
[Result "0-1"]
[WhiteTitle "II"]
[BlackTitle "I"]
[WhiteElo "1424"]
[BlackElo "1568"]

1. Nf3 d5 2. g3 Nf6 3. Bg2 Bg4 4. O-O e6 5. d3 c6 6. Nbd2 Be7 7. e4 O-O 8. c3 Nbd7
9. Qc2 Qc7 10. h3 Bh5 11. Nh2 Nc5 12. f4 Be2 13. Rf3 Bxf3 14. Nhxf3 dxe4 15. dxe4
Rfd8 16. Bf1 Nh5 17. Kh2 g5 18. Nc4 gxf4 19. g4 Ng3 20. Bd2 Ncxe4 21. Bd3 Rxd3
22. Qxd3 Rd8 23. Qc2 b5 24. Na3 Bxa3 25. bxa3 Nxd2 26. Nxd2 Qd6 27. Nf3 Qd3 28.
Qg2 Qxc3 29. Rg1 Rd3 0-1

[Event "POLFINALY MISTRZOSTW POLSKI JUNIOROW 2021 C-15"]
[Site "Jatrzebia Gora"]
[Date "1899-12-30"]
[Round "5.10"]
[White "Zyto, Karol"]
[Black "Szymkiewicz, Witold"]
[Result "1/2-1/2"]
[WhiteTitle "II"]
[BlackTitle "I"]
[WhiteElo "1472"]
[BlackElo "1552"]

1. d4 e6 2. c4 d5 3. Nc3 Nf6 4. cxd5 exd5 5. Bg5 c6 6. Qc2 Bg4 7. e3 Bd6 8. Bd3
Nbd7 9. f3 Bh5 10. e4 dxe4 11. fxe4 Qa5 12. Bd2 Bb4 13. Nf3 Bg6 14. a3 O-O 15.
O-O-O Bxc3 16. Bxc3 Qc7 17. e5 Bxd3 18. Qxd3 Nd5 19. Ng5 g6 20. Rhf1 Nxc3 21.
Qxc3 Nb6 22. Ne4 Nd5 23. Nf6+ Nxf6 24. Rxf6 Rae8 25. Qc5 Re6 26. Rdf1 b6 27. Qxf8+
Kxf8 28. Rxe6 Qd8 29. Ref6 Qxd4 30. e6 b5 31. exf7 b4 32. axb4 Qc4+ 33. Kb1 Qd3+
34. Ka1 Qa6+ 35. Kb1 Qd3+ 36. Ka2 Qa6+ 37. Kb1 Qd3+ 38. Ka1 1/2-1/2

[Event "POLFINALY MISTRZOSTW POLSKI JUNIOROW 2021 C-15"]
[Site "Jatrzebia Gora"]
[Date "1899-12-30"]
[Round "5.11"]
[White "Dembicki, Karol"]
[Black "Jankowski, Franciszek"]
[Result "1-0"]
[WhiteTitle "II"]
[BlackTitle "II+"]
[WhiteElo "1380"]
[BlackElo "1522"]

1. e4 c6 2. d4 d5 3. exd5 cxd5 4. Bd3 Nc6 5. c3 Qc7 6. h3 Nf6 7. Nf3 e6 8. O-O
Bd6 9. Re1 Bd7 10. Qe2 h6 11. Nbd2 O-O 12. Ne5 a6 13. a4 Rac8 14. Ndf3 Na5 15.
Nxd7 Nxd7 16. Ne5 Nb3 17. Rb1 Nxe5 18. dxe5 Bc5 19. Bf4 Rfd8 20. Qg4 Kf8 21. Bc2
Qb6 22. Qe2 d4 23. a5 Nxa5 24. b4 Qc7 25. bxa5 dxc3 26. Qf3 Qxa5 27. Rxb7 Qa2
28. Bxh6 Be7 29. Bxg7+ Kxg7 30. Rxe7 Qxc2 31. Qxf7+ Kh6 32. Rxe6+ Kg5 33. Qf6+
Ra8 1-0

[Event "POLFINALY MISTRZOSTW POLSKI JUNIOROW 2021 C-15"]
[Site "Jatrzebia Gora"]
[Date "1899-12-30"]
[Round "5.12"]
[White "Janusiewicz, Michal"]
[Black "Gbiorczyk, Mikolaj"]
[Result "0-1"]
[WhiteTitle "I"]
[BlackTitle "II"]
[WhiteElo "1361"]
[BlackElo "1487"]

1. e4 c5 2. Nf3 g6 3. d4 cxd4 4. Nxd4 Nc6 5. Nc3 Bg7 6. Be3 Nf6 7. Bc4 O-O 8. Bb3
Re8 9. Qd2 Ng4 10. O-O-O Nxe3 11. fxe3 Na5 12. Bxf7+ Kxf7 13. Ne6 dxe6 14. Rhf1+
Bf6 15. Qxd8 Rxd8 16. Rxd8 Nc6 17. Rd2 b6 18. g4 Ba6 19. Rff2 g5 20. Ne2 Bxe2
21. Rfxe2 Ne5 22. h3 Nc4 23. Rd7 Bxb2+ 24. Kb1 Be5 25. Re1 Ke8 26. Rd3 Rc8 27.
c3 Nd6 28. Rc1 Nxe4 29. c4 Nd6 30. h4 h6 31. hxg5 hxg5 32. Rh1 Rxc4 33. Rg1 Kd7
34. a3 b5 35. Rg2 a5 36. Ka2 Kc6 37. Kb1 Kb6 38. Ka2 Rc1 39. Rdd2 a4 0-1

[Event "POLFINALY MISTRZOSTW POLSKI JUNIOROW 2021 C-15"]
[Site "Jatrzebia Gora"]
[Date "1899-12-30"]
[Round "5.13"]
[White "Bem, Tymoteusz"]
[Black "Choina, Jan"]
[Result "1-0"]
[WhiteTitle "II"]
[BlackTitle "II"]
[WhiteElo "1262"]
[BlackElo "1485"]

1. d4 Nf6 2. c4 e5 3. dxe5 Ng4 4. Bf4 Nc6 5. Nf3 Bb4+ 6. Nbd2 Qe7 7. e3 Ngxe5 8.
Nxe5 Nxe5 9. a3 Bxd2+ 10. Qxd2 O-O 11. c5 Re8 12. Rc1 Qf6 13. Be2 c6 14. O-O Re6
15. Rfd1 Qf5 16. Qc3 Ng6 17. Bg3 Re8 18. Rd6 b5 19. Rcd1 a5 20. b4 axb4 21. axb4
f6 22. h3 h5 23. Bd3 Qg5 24. Qb3+ Kf8 25. Qc2 Ne5 26. h4 Qg4 27. Be2 Qxb4 28.
Bxh5 Nf7 29. R6d4 Qa5 30. Qg6 Re7 31. Bd6 Qd8 32. Qxf7# 1-0

[Event "POLFINALY MISTRZOSTW POLSKI JUNIOROW 2021 C-15"]
[Site "Jatrzebia Gora"]
[Date "1899-12-30"]
[Round "5.14"]
[White "Dysko, Michal"]
[Black "Miler, Franciszek"]
[Result "0-1"]
[WhiteTitle "II"]
[BlackTitle "I"]
[WhiteElo "1222"]
[BlackElo "1479"]

1. e4 c5 2. Nf3 d6 3. d4 cxd4 4. Nxd4 Nf6 5. Nc3 a6 6. Bc4 e6 7. Bb3 Nbd7 8. f4
Nc5 9. Qf3 Be7 10. Be3 Qc7 11. O-O O-O 12. g4 b5 13. g5 Nfd7 14. a3 Bb7 15. f5
Ne5 16. Qg2 Nxb3 17. cxb3 exf5 18. Nxf5 g6 19. Nd4 Qd7 20. h3 f6 21. gxf6 Bxf6
22. Nd5 Bxd5 23. exd5 Bg7 24. Ne6 Rxf1+ 25. Rxf1 Rc8 26. Qd2 Qe7 27. Bg5 Qa7+
28. Kg2 Qb7 29. Nxg7 Qxg7 30. Bh6 Qe7 31. Qe2 Qh4 32. Bf4 Re8 33. Bg3 Qe7 34.
a4 Nf7 35. Qxe7 Rxe7 36. Rf2 Re4 37. axb5 axb5 38. Rd2 Re3 39. Rc2 Rxb3 40. Rc8+
Kg7 41. Rc6 Rxb2+ 42. Kf3 Rb3+ 43. Kg2 Rd3 44. Bxd6 Rxd5 45. Be7 Rf5 46. Rb6 h5
47. Ba3 Nd8 48. Be7 Nf7 49. Ba3 h4 50. Bb2+ Kh6 51. Bc1+ Kh5 52. Rb8 g5 53. Rb7
g4 54. hxg4+ Kxg4 55. Rb8 Ng5 56. Rd8 h3+ 57. Kg1 Kg3 58. Rd3+ Rf3 59. Rxf3+ Nxf3+
60. Kh1 b4 61. Bh6 b3 62. Bg7 Ne1 63. Be5+ Kg4 64. Kh2 Nf3+ 0-1

[Event "POLFINALY MISTRZOSTW POLSKI JUNIOROW 2021 C-15"]
[Site "Jatrzebia Gora"]
[Date "1899-12-30"]
[Round "5.15"]
[White "Czak, Dominik"]
[Black "Bajer, Tomasz"]
[Result "1-0"]
[WhiteTitle "II"]
[BlackTitle "II"]
[WhiteElo "1456"]
[BlackElo "1308"]

1. d4 Nf6 2. c4 g6 3. Nc3 Bg7 4. e4 d6 5. f4 O-O 6. Nf3 c5 7. d5 e6 8. Bd3 exd5
9. cxd5 Re8 10. O-O Bd7 11. a4 Na6 12. h3 Nb4 13. Bb1 a6 14. Re1 Bc8 15. Qb3 Rb8
16. Be3 b6 17. Rd1 Bb7 18. e5 Nd7 19. e6 h6 20. f5 g5 21. Ne4 Ne5 22. Nxe5 Bxe5
23. f6 Bxd5 24. Rxd5 Nxd5 25. exf7+ Kxf7 26. Qxd5+ Kf8 27. Ba2 Re6 28. Qxe6 1-0

[Event "POLFINALY MISTRZOSTW POLSKI JUNIOROW 2021 C-15"]
[Site "Jatrzebia Gora"]
[Date "1899-12-30"]
[Round "5.16"]
[White "Daszkiewicz, Adrian"]
[Black "Pieczulis, Hubert"]
[Result "1-0"]
[WhiteTitle "I"]
[BlackTitle "I"]
[WhiteElo "1564"]
[BlackElo "1379"]

1. e4 c6 2. d4 d5 3. Nc3 dxe4 4. Nxe4 Bf5 5. Ng3 Bg6 6. Bc4 e6 7. N1e2 Bd6 8. O-O
Qc7 9. f4 Ne7 10. Bd3 f5 11. c4 c5 12. d5 exd5 13. cxd5 O-O 14. Be3 a6 15. a4
Nd7 16. Rc1 b6 17. Nd4 Qb7 18. Ne6 Rfe8 19. Qb3 Rab8 20. Kh1 Nf6 21. Rfd1 Ng4
22. h3 Nxe3 23. Bxa6 Qa7 24. Qxe3 Bf7 25. Bb5 Nxd5 26. Rxd5 Rxe6 27. Qd2 Qc7 28.
Rxf5 Rf6 29. Rxf6 gxf6 30. Ne2 Rd8 31. Qe3 Qe7 32. Rc3 Qxe3 33. Rxe3 Bf8 34. Nc3
Bh6 35. g3 Kf8 36. Rd3 Ke7 37. Rxd8 Kxd8 38. Bd3 Be6 39. Bxh7 Bxh3 40. Nd5 Bd7
41. Nxb6 Bc6+ 42. Kh2 Kc7 43. a5 Bg7 44. Bd3 Bf3 45. Nc4 Kc6 46. a6 Bf8 47. g4
1-0

[Event "POLFINALY MISTRZOSTW POLSKI JUNIOROW 2021 C-15"]
[Site "Jatrzebia Gora"]
[Date "1899-12-30"]
[Round "5.17"]
[White "Nowak, Filip"]
[Black "Klisowski, Bartosz"]
[Result "1/2-1/2"]
[WhiteTitle "I"]
[BlackTitle "II+"]
[WhiteElo "1757"]
[BlackElo "1392"]

1. e4 c6 2. d4 d5 3. Nc3 dxe4 4. Nxe4 Bf5 5. Qf3 Bxe4 6. Qxe4 Nf6 7. Qd3 Nbd7 8.
Nf3 e6 9. Be2 Bd6 10. O-O O-O 11. Bg5 Qc7 12. c3 Nd5 13. Rfe1 h6 14. Bh4 Nf4 15.
Qc2 Ng6 16. Bg3 Bxg3 17. hxg3 Rad8 18. Bd3 Ne7 19. Re4 c5 20. Rh4 Nf6 21. g4 c4
22. Be4 Nxe4 23. Qxe4 Ng6 24. Rh5 Qf4 25. Re1 Qxe4 26. Rxe4 Rd5 27. Kf1 Rfd8 28.
Ke2 Kf8 29. g3 Rxh5 30. gxh5 Ne7 31. Ne5 b5 32. Rf4 f6 33. Nf3 Nd5 34. Re4 Kf7
35. Kd2 a5 36. Kc2 Rd7 37. Ng1 Rb7 38. Nf3 Rb8 39. Nd2 Rc8 40. Re1 b4 41. Ne4
Rc6 42. Re2 Nc7 43. Rd2 Nd5 1/2-1/2

[Event "POLFINALY MISTRZOSTW POLSKI JUNIOROW 2021 C-15"]
[Site "Jatrzebia Gora"]
[Date "1899-12-30"]
[Round "5.18"]
[White "Turowski, Maciej"]
[Black "Fojcik, Kacper"]
[Result "1/2-1/2"]
[WhiteTitle "II+"]
[BlackTitle "II"]
[WhiteElo "1540"]
[BlackElo "1345"]

1. g3 Nf6 2. Bg2 g6 3. c4 Bg7 4. Nc3 d6 5. d4 O-O 6. e3 c6 7. Nge2 Nbd7 8. O-O
e5 9. b3 Ne8 10. Bb2 f5 11. f4 e4 12. d5 c5 13. Qc2 Qe7 14. Nd1 Bxb2 15. Qxb2
Qf6 16. Qxf6 Ndxf6 17. Nec3 a6 18. Kf2 Nc7 19. h3 b5 20. Nb2 Bd7 21. Rfb1 Rfb8
22. a4 bxa4 23. bxa4 Rb3 24. Nbd1 Rab8 25. Rxb3 Rxb3 26. a5 Rb4 27. Bf1 h5 28.
Rb1 Rxb1 29. Nxb1 Kf7 30. Nb2 Ke7 31. Be2 Kf7 32. Nc3 Ke7 33. Bd1 Kd8 34. Nba4
1/2-1/2

[Event "POLFINALY MISTRZOSTW POLSKI JUNIOROW 2021 C-15"]
[Site "Jatrzebia Gora"]
[Date "1899-12-30"]
[Round "5.19"]
[White "Rzepka, Marcin"]
[Black "Halhoul, Adam"]
[Result "0-1"]
[WhiteTitle "II"]
[BlackTitle "I"]
[WhiteElo "1336"]
[BlackElo "1777"]

1. Nf3 c5 2. g3 Nc6 3. Bg2 g6 4. O-O Bg7 5. c4 e5 6. Nc3 Nge7 7. d3 O-O 8. Rb1
d6 9. a3 a5 10. Bd2 Be6 11. Nb5 d5 12. Ng5 Bc8 13. cxd5 Nd4 14. Nxd4 exd4 15.
b4 cxb4 16. axb4 Nxd5 17. bxa5 Nc3 18. Bxc3 dxc3 19. Ne4 Qxa5 20. d4 Bf5 21. Rc1
Bxe4 22. Bxe4 Rad8 23. e3 b5 24. Qb3 b4 25. Ra1 Qb5 26. Ra4 Rb8 27. Rfa1 Rfc8
28. Bd5 c2 29. Bxf7+ Kh8 30. Rc1 Rc3 31. Qa2 b3 32. Bxb3 Qxb3 33. Qxb3 Rbxb3 34.
Ra8+ Bf8 35. Rxf8+ Kg7 36. Ra8 Rb1 37. Ra1 Rxa1 0-1

[Event "POLFINALY MISTRZOSTW POLSKI JUNIOROW 2021 C-15"]
[Site "Jatrzebia Gora"]
[Date "1899-12-30"]
[Round "5.21"]
[White "Borowik, Karol"]
[Black "Latacz, Grzegorz"]
[Result "0-1"]
[WhiteTitle "II"]
[BlackTitle "II"]
[WhiteElo "1455"]
[BlackElo "1446"]

1. d4 d5 2. c4 c6 3. Nc3 Nf6 4. e3 e6 5. Nf3 Nbd7 6. Bd3 dxc4 7. Bxc4 b5 8. Bd3
a6 9. O-O Bb7 10. b3 c5 11. Bb2 cxd4 12. exd4 Nd5 13. Nxd5 Bxd5 14. Qe2 Bd6 15.
Ne5 O-O 16. f4 f5 17. Rac1 Nf6 18. g3 Re8 19. Rfe1 Bb7 20. h3 Nd5 21. Qh5 Bxe5
22. fxe5 Qa5 23. a3 Qd2 24. Qe2 Qg5 25. Kh2 Rf8 26. Rc5 h5 27. Bc1 f4 28. g4 hxg4
29. Qxg4 Qxg4 30. hxg4 g5 31. Be4 Kg7 32. Rh1 Rh8+ 33. Kg1 Rxh1+ 34. Kxh1 Rh8+
35. Kg1 Rh3 36. b4 Rg3+ 37. Kf2 Rxg4 38. Bxd5 Bxd5 39. Rc7+ Kg6 40. Rc8 Kf5 41.
Rc3 Rg2+ 42. Kf1 g4 43. Rc5 Ra2 44. Rc3 g3 45. Rc8 Bc4+ 46. Kg1 Ra1 47. Rf8+ Kg6
48. Rxf4 Rxc1+ 49. Kg2 Rc3 50. Rf6+ Kg5 51. Rf8 Bd5+ 52. Kg1 Rc1+ 0-1

[Event "POLFINALY MISTRZOSTW POLSKI JUNIOROW 2021 C-15"]
[Site "Jatrzebia Gora"]
[Date "1899-12-30"]
[Round "6.1"]
[White "Malinowski, Szymon"]
[Black "Wilk, Igor"]
[Result "1/2-1/2"]
[WhiteTitle "I"]
[BlackTitle "I+"]
[WhiteElo "1601"]
[BlackElo "1712"]

1. d4 d5 2. Nf3 Nf6 3. Bf4 c5 4. c3 Nc6 5. e3 Qb6 6. Qc1 Bf5 7. Nbd2 e6 8. Be2
h6 9. O-O Be7 10. Ne5 Nxe5 11. Bxe5 O-O 12. h3 Nd7 13. Bh2 Bd6 14. f4 cxd4 15.
exd4 f6 16. Bf3 Qc7 17. Nb3 a5 18. Qe3 Rfe8 19. Kh1 Nb6 20. Be2 Nc4 21. Bxc4 Qxc4
22. Rf2 Qc7 23. Nd2 b5 24. Rc1 Bh7 25. Qf3 Qb7 26. Re1 Rab8 27. Rfe2 Qf7 28. g4
f5 29. g5 Bg6 30. Rg2 Kh7 31. Reg1 Rg8 32. Qe3 h5 33. Nf3 Rge8 34. h4 Qc7 35.
Ne5 Bxe5 36. dxe5 Qb6 37. Qd3 Rec8 38. Rd1 Rc7 39. Bg1 Qc6 40. a3 Be8 41. Rc1
b4 42. axb4 axb4 43. Bd4 Ra8 44. Rgc2 b3 45. Rd2 Qa4 46. Rg1 g6 47. Qe3 Rc4 48.
Rdd1 Qb5 49. Qd2 Ra2 50. Kg2 Rca4 51. Rb1 Qa6 52. Kf2 Bb5 53. Ke3 Bc4 54. Qd1
Kg7 55. Ke4 1/2-1/2